000 00896nam a2200253Ia 4500
003 GCL
008 140319s9999 xx 000 0 ara d
020 _a6093376977
040 _aGCL /
_cGCL
082 0 4 _a327.114
_bم م
100 1 _aمنصور عبدالحكيم
245 1 0 _aمن يحكم العالم سرا ؟ :
_bاصابع خفية تقود العالم /
_cمنصور عبدالحكيم
260 _aالقاهرة :
_bدار الكتاب العربى ،
_c2005
300 _a201 ص ؛
_c25 سم
490 _aحكومة العالم الخفية
_v3
650 0 4 _aالجرائم السياسية
650 0 4 _aالصهيونية
650 0 4 _aحرب الخليج
650 0 4 _aجرائم الحرب
650 0 4 _aالولايات المتحدة الامريكية - تاريخ
650 0 4 _aالمؤامرات
650 0 4 _aالنشاط السرى
942 _2ddc
_cBK
999 _c51149
_d51149